Trekking through history : the Huaorani of Amazonian Ecuador
Αποθηκεύτηκε σε:
| Κύριος συγγραφέας: | |
|---|---|
| Μορφή: | Βιβλίο |
| Γλώσσα: | English |
| Δημοσίευση: |
New York :
Columbia University Press,
c2002
|
| Σειρά: | Historical ecology series
|
| Θέματα: | |
| Ετικέτες: |
Προσθήκη ετικέτας
Δεν υπάρχουν, Καταχωρήστε ετικέτα πρώτοι!
|
MARC
| LEADER | 00000nam a2200000 i 4500 | ||
|---|---|---|---|
| 001 | 1/59105 | ||
| 008 | 040805s2002 eng d | ||
| 020 | |a 0-231-11845-7 | ||
| 035 | |l 10074061 | ||
| 040 | |a GR-MY-UA |b gre |e aacr | ||
| 041 | 0 | |a eng | |
| 082 | 0 | |a 986.600498 |2 (21) | |
| 100 | 1 | |a Rival, Laura M. | |
| 245 | 1 | 0 | |a Trekking through history : |b the Huaorani of Amazonian Ecuador / |c Laura M. Rival |
| 260 | |a New York : |b Columbia University Press, |c c2002 | ||
| 300 | |a xx, 246 σ.; |b εικ., πιν., χαρτ.; |c 23 εκ. | ||
| 490 | 1 | |a Historical ecology series | |
| 504 | |a Περιέχει βιβλιογραφία και ευρετήριο | ||
| 650 | 0 | 0 | |a Huao Indians |x Migrations. |
| 650 | 0 | 0 | |a Huao Indians |x History. |
| 650 | 0 | 0 | |a Huao Indians |x Social life and customs. |
| 650 | 0 | 0 | |a Nomads |z Ecuador |x History. |
| 830 | 0 | |a Historical ecology series | |
| 852 | |a INST |b LESVOS |e 20040805 |h 986.600498 RIV |p 005100030458 |q 005100030458 |t BK |y 0 | ||
| 901 | |a BIBL1-2004-2 | ||
| 909 | |a Λ |b 111127 | ||
| 920 | |a ΤΑΚΤΙΚΟΣ ΚΟΙΝΩΝΙΚΗΣ ΑΝΘΡΩΠΟΛΟΓΙΑΣ ΚΑΙ ΙΣΤΟΡΙΑΣ |y ΛΕΣΒΟΣ |z 2004-05 | ||
| 970 | |a ΧΡΙΣΤΟΦΑ |b ΝΙΚΗ |z 2004/08/05 | ||